ბათუმის შოთა რუსთაველის სახელმწიფო უნივერსიტეტის ბიბლიოთეკა

ჩანაწერი Corporate Name

ჩანაწერთა რაოდენობა, რომელიც გამოყენებულია: 1

001 - CONTROL NUMBER

  • control field: 13095

003 - CONTROL NUMBER IDENTIFIER

  • control field: GE_BSU

005 - DATE AND TIME OF LATEST TRANSACTION

  • control field: 20211129112317.0

008 - FIXED-LENGTH DATA ELEMENTS

  • fixed length control field: 211129|| aca||aabn | a|a d

040 ## - CATALOGING SOURCE

  • Original cataloging agency: GE_BSU
  • Transcribing agency: GE_BSU

110 ## - HEADING--CORPORATE NAME

  • Corporate name or jurisdiction name as entry element: საქ. საგადასახადო-საბაჟო აკადემია

670 ## - SOURCE DATA FOUND

  • Source citation: Work cat.: (GE_BSU)34430: ამილახვარი, ზაურ 13091, საერთაშორისო ბიზნესის სამართალი = International Business Law = Международное бизнесовое право :